00636 2200229 4500001002100000008004100021035002000062245008100082100002100163260003400184300001200218020002200230084001600252082000800268650001200276990001800288990002000306990002000326990002000346990002000366990002000386INLIS000000000000923 ind  a0010-0724000923 aGerakan Kerak Bumi Dan AkibatnyabKerak Bumi Dan AkibatnyacSafitri yosita r aSafitri yosita r aKlaten :bCempaka putihc2008 a60 hlm. a978-979-662-329-7 a551.1 SAF G a551 aGeologi aP29/CP/24/923 aP29/CP/24/923.2 aP29/CP/24/923.3 aP29/CP/24/923.4 aP29/CP/24/923.5 aP29/CP/24/923.6